LEADER 02867njm a2200505 a 4500
001 001445341
003 CZ BrMZK
005 20190429135749.0
007 sd fsngnnmmned
008 141217p20141984xr opnng n ita d
024 3 |a 8590236074521 
028 0 1 |a CRO745-2  |b Radioservis 
040 |a BOA001  |b cze 
041 0 |d ita  |d fre  |d cze 
072 7 |a 782  |x Divadelní hudba. Opera, opereta, muzikál  |2 Konspekt  |9 9 
080 |a 784.2  |2 MRF 
080 |a (086.76)  |2 MRF 
100 1 |a Nachtigallová, Renée,  |d 1954-  |7 jo2002105746  |4 sng 
245 1 0 |a Recital  |h [zvukový záznam] /  |c Puccini, Verdi, Ponchielli, Britten, Čajkovskij 
260 |a Praha :  |b Radioservis,  |c p2014 
300 |a 1 zvuková deska (78:25) :  |b digital, stereo ;  |c 12 cm 
306 |a 011825 
500 |a Kompaktní deska (ADD) 
505 0 |a Manon Lescaut. Solla, perduta, abbandotana -- Bohéma. Si, mi chiamano Mimi ; Donde lieta usci -- Tosca. Visi d'arte / Giacomo Puccini -- Aida. La fatal pietra -- Don Carlos. Tu, che le vanita / Giuseppe Verdi -- La Gioconda. Árie Giocondy ze 4. dějství / Amilcare Ponchielli -- Les Illumination / Benjami Britten -- Evžen Oněgin. Závěčná scéna Taťány a Oněgina / Petr Iljič Čajkovskij 
511 1 |a Renée Nachtigallová, soprán ; Jitka Soběhartová, soprán ; Eva Pechánková, mezzosoprán a další. Symfonický orchestr Čs. rozhlasu v Praze, dirigent Vladimír Válek a další 
518 |a Nahráno v Československém rozhlase v Praze 1986 (1-7, 17) a 1984 (8-16) 
650 0 7 |a operní árie  |7 ph291740  |2 czenas 
655 7 |a kompaktní desky  |7 fd201991  |2 czenas 
700 1 |a Soběhartová, Jitka,  |d 1950-  |7 pna2006338112  |4 sng 
700 1 |a Pechánková, Eva,  |d 1949-  |7 mzk2015854297  |4 sng 
700 1 |a Válek, Vladimír,  |d 1935-2025  |7 jn19981002376  |4 cnd 
700 1 2 |a Puccini, Giacomo,  |d 1858-1924.  |t Manon Lescaut.  |p Sola, perduta, abbandonata  |7 aun2013796074 
700 1 2 |a Puccini, Giacomo,  |d 1858-1924.  |t Bohème.  |p Sì, mi chiamano Mimì  |7 aun2014808726 
700 1 2 |a Puccini, Giacomo,  |d 1858-1924.  |t Bohème.  |p Donde lieta uscì  |7 aun2015862557 
700 1 2 |a Puccini, Giacomo,  |d 1858-1924.  |t Tosca.  |p Vissi d’arte  |7 aun2008485806 
700 1 2 |a Verdi, Giuseppe,  |d 1813-1901.  |t Aida.  |p Fatal pietra  |7 aun2013740007 
700 1 2 |a Verdi, Giuseppe,  |d 1813-1901.  |t Don Carlos.  |p Tu che le vanita 
700 1 2 |a Ponchielli, Amilcare,  |d 1834-1886.  |t Gioconda.  |p Suicidio  |7 aun2013751493 
700 1 2 |a Britten, Benjamin,  |d 1913-1976.  |t Illuminations  |7 aun2015862533 
700 1 2 |a Čajkovskij, Petr Il‘jič,  |d 1840-1893.  |t Jevgenij Onegin.  |p Závěrečná scéna Taťány a Oněgina 
710 2 |a Symfonický orchestr Československého rozhlasu  |7 ko2003186625 
910 |a BOA001  |b CDR-1339.049 
990 |a AV 
991 |b 201501  |g g 
996 6 |b 2610616707  |c CDR-1339.049  |l MZK  |r Sklad / do 24 hodin  |n 0  |p p.v.  |w 001480067  |u 000010  |a 1  |e BOA001  |j MZK50  |s P